Tri medaily - presne ako vlani MS v rýchlostnej kanoistike, Poznaň - 19.-22. augusta 2010

Bibliographic Details
Format: Article
Language:Slovak
ISSN:0139-7001
Subjects:
Online Access:http://denniksport.sk/article/144153/po-tazsom-rozbehu-pekna-rozlucka

MARC

LEADER 00000nab a2200000 ar4500
001 vtls010128330
003 SK-MaSNL
005 20260303091647.0
008 100902c20100823xo ||||||||||||00 b|slo
015 |a SNBRBL2010/09  |2 snkbucl 
038 |a SNKBUCL 
040 |a SNKBUCL  |b slo  |c SNKBUCL  |e AACR2 
041 0 |a slo 
044 |a xo  |c SK 
080 |a 797.122.3.093.1  |x (100)  |2 2001 
245 0 0 |a Tri medaily - presne ako vlani  |b MS v rýchlostnej kanoistike, Poznaň - 19.-22. augusta 2010 
611 2 7 |a Majstrovstvá sveta v rýchlostnej kanoistike  |d (2010 :  |c Poznaň, Poľsko)  |2 snbucl  |9 1100137 
650 0 7 |a rýchlostná kanoistika  |2 snkbucl  |9 23438 
773 0 |t Šport  |g Roč. 64, č. 194 (23.8.2010), s. 32-33  |x 0139-7001 
852 |a SNK  |b KIS3GCP 
856 4 1 |u http://denniksport.sk/article/144153/po-tazsom-rozbehu-pekna-rozlucka 
999 |c 1808758  |d 1810688